1529 1927 1882 1743 1014 1189 1593 1238 1552 1020 1407 1833 1737 1109 1810 1291 1840 1837 1058 1594 1028 1856 1729 1344 1213 1675 1311 1037 1681 1300 1767 1830 1810 1327 1245 1941 1704 1895 1891 1713 1602 1724 1897 1961 1907 1068 1852 1279 1564 1530 1527 1083 1267 1664 1215 1260 1764 1730 1745 1238 1952 1325 1203 1465 1210 1577 1466 1969 1637 1890 1008 1669 1135 1432 1088 1531 1977 1844 1461 1948 1304 1409 1183 1504 1009 1671 1545 1790 1738 1559 1892 1867 1947 1048 1018 1079 1519 1094 1866 BCNSPRNW ULIB Ver.6.0+V

เปลี่ยนเป็นภาษาไทย

Change to English
 แสดงรายละเอียดบรรณานุกรม
  กลับหน้าหลัก

Brief Record : Get Marc (ISO 2709) : E-mail record : QR code < ปิดหน้าต่าง
LEADER : 00000nam 2200000uu 4500
001    13399123880
003     ULIB
008    141212s2555||||th 000 0 tha d
020    ^a9786165052764 เล่ม2
050 04 ^aLB1051^bม192จ ล.2
110 2  ^aมหาวิทยาลัยสุโขทัยธรรมาธิราช.^bสาขาวิชาศึกษาศาสตร์
245 10 ^aเอกสารการสอนชุดวิชา จิตวิทยาและวิทยาการการเรียนรู้ หน่วยที่ 8-15= ^bPsychology and learning methodology. /^cสาขาวิชาศึกษาศาสตร์.มหาวิทยาลัยสุโขทัยธรรมาธิราช.
250    ^aพิมพ์ครั้งที่ 4.
260    นนทบุรี :^b สาขาวิชาศิลปศาสตร์ มหาวิทยาลัยสุโขทัยธรรมาธิราช,^c 2555
300    ^a2 เล่ม ; ^c30 ซม.
500    ^aเล่ม1 หน่วยที่ 1-7, เล่ม2 หน่วยที่ 8-15.
650  7 ^aจิตวิทยาการเรียนรู้.
650  7 ^aจิตวิทยาการศึกษา.
945    ^p250^l0^i22498
945    ^p250^l0^i22499
945    ^p250^l0^i22500
999    ^aทศพร เกษรทอง
รายการนี้ยังไม่มีแท็ก
คุณยังไม่ได้ล็อกอิน คุณสามารถมีกิจกรรมร่วมกับเว็บไซต์ได้ แต่ต้องล็อกอินก่อน ::
  ล็อกอิน

รายการสื่อสารสนเทศ

ลำดับที่ ประเภท เลขเรียก/บาร์โค้ด สถานที่ สถานะ
1. การศึกษาทั่วไป
หนังสือสำรอง
สถานะ=หนังสือสำรอง
LB1051 ม192จ ล.2 ฉ.1 
  Barcode: 22498
ห้องสมุดวิทยาเขตนครสวรรค์
►หนังสือทั่วไป:l:General Books
บนชั้น
2. การศึกษาทั่วไป
การศึกษาทั่วไป
LB1051 ม192จ ล.2 ฉ.2 
  Barcode: 22499
ห้องสมุดวิทยาเขตนครสวรรค์
►หนังสือทั่วไป:l:General Books
บนชั้น
3. การศึกษาทั่วไป
การศึกษาทั่วไป
LB1051 ม192จ ล.2 ฉ.3 
  Barcode: 22500
ห้องสมุดวิทยาเขตนครสวรรค์
►หนังสือทั่วไป:l:General Books
บนชั้น

รายการใกล้เคียง
    หัวเรื่อง [จิตวิทยาการเรียนรู้.]
    หัวเรื่อง [จิตวิทยาการศึกษา.]

BibComment


ยังไม่เคยถูกคอมเมนท์

คอมเมนท์ทรัพยากรรายการนี้
  คอมเมนท์: เอกสารการสอนชุดว..


 Copyright 2026. Bcnsprnw @Library